00562nam a2200157Ia 4500008004100000020001800041050002400059245011800083250001300201260003700214300002100251521000900272650003600281650004500317650004200362140429s9999 xx 000 0 und d a9780078050183 aHN 59.2b.T139 2012 aTaking sides :bclashing views on social issues /cselected, edited, and with introductions by Kurt Finsterbusch. a16th ed. aNew York :bMcGraw-Hill,cc2012. a441 p. :c23 cm. aBSBA aSocial conflictxUnited States. aUnited StatesxSocial condtions --1980-. aUnited StatesxSocial policy --1993-.